<?xml version="1.0" encoding="UTF-8"?>
<record
    xmlns:xsi="http://www.w3.org/2001/XMLSchema-instance"
    xsi:schemaLocation="http://www.loc.gov/MARC21/slim http://www.loc.gov/standards/marcxml/schema/MARC21slim.xsd"
    xmlns="http://www.loc.gov/MARC21/slim">

  <leader>00735nam a2200217Ia 4500</leader>
  <controlfield tag="005">20250227165526.0</controlfield>
  <controlfield tag="008">210628s9999    xx            000 0 und d</controlfield>
  <datafield tag="020" ind1=" " ind2=" ">
    <subfield code="a">9780480099</subfield>
  </datafield>
  <datafield tag="040" ind1=" " ind2=" ">
    <subfield code="a">NLN</subfield>
    <subfield code="b">English</subfield>
    <subfield code="e">AACR2</subfield>
  </datafield>
  <datafield tag="050" ind1=" " ind2=" ">
    <subfield code="a">DT515.76.A235</subfield>
    <subfield code="b">A3</subfield>
  </datafield>
  <datafield tag="082" ind1=" " ind2=" ">
    <subfield code="a">920.669</subfield>
  </datafield>
  <datafield tag="100" ind1=" " ind2=" ">
    <subfield code="a">ADI, S. Y.</subfield>
    <subfield code="e">aut</subfield>
    <subfield code="9">63237</subfield>
  </datafield>
  <datafield tag="245" ind1=" " ind2="0">
    <subfield code="a">Yinoluwa :</subfield>
    <subfield code="b">a possible journey through life : an autobiography /</subfield>
    <subfield code="c">S. Y. Adi</subfield>
  </datafield>
  <datafield tag="260" ind1=" " ind2=" ">
    <subfield code="a">Ibadan, Oyo State (P. O. Box 20024, University of Ibadan Post Office) :</subfield>
    <subfield code="b">Sam Bookman Publishers,</subfield>
    <subfield code="c">2001</subfield>
  </datafield>
  <datafield tag="300" ind1=" " ind2=" ">
    <subfield code="a">xii, 276p. :</subfield>
    <subfield code="b">ill. ; 23cm.</subfield>
  </datafield>
  <datafield tag="563" ind1=" " ind2=" ">
    <subfield code="a">(pbk) </subfield>
  </datafield>
  <datafield tag="650" ind1=" " ind2=" ">
    <subfield code="a">Ad&#x1ECB;, Yinoluwa S., 1946-</subfield>
    <subfield code="9">63238</subfield>
  </datafield>
  <datafield tag="650" ind1=" " ind2=" ">
    <subfield code="a">Reminiscing</subfield>
    <subfield code="9">135</subfield>
  </datafield>
  <datafield tag="650" ind1=" " ind2=" ">
    <subfield code="a">Evangelists</subfield>
    <subfield code="v">Nigeria</subfield>
    <subfield code="x">Autobiography</subfield>
    <subfield code="9">63540</subfield>
  </datafield>
  <datafield tag="942" ind1=" " ind2=" ">
    <subfield code="c">BK</subfield>
    <subfield code="n">0</subfield>
  </datafield>
  <datafield tag="999" ind1=" " ind2=" ">
    <subfield code="c">5742</subfield>
    <subfield code="d">5742</subfield>
  </datafield>
  <datafield tag="952" ind1=" " ind2=" ">
    <subfield code="0">0</subfield>
    <subfield code="1">0</subfield>
    <subfield code="2">lcc</subfield>
    <subfield code="4">0</subfield>
    <subfield code="7">0</subfield>
    <subfield code="a">LAG</subfield>
    <subfield code="b">MAIN</subfield>
    <subfield code="d">2025-02-25</subfield>
    <subfield code="l">0</subfield>
    <subfield code="o">DT515.76.A235 A3</subfield>
    <subfield code="p">2025-452450</subfield>
    <subfield code="r">2025-02-25 10:47:57</subfield>
    <subfield code="t">1</subfield>
    <subfield code="w">2025-02-25</subfield>
    <subfield code="y">BK</subfield>
  </datafield>
  <datafield tag="952" ind1=" " ind2=" ">
    <subfield code="0">0</subfield>
    <subfield code="1">0</subfield>
    <subfield code="2">lcc</subfield>
    <subfield code="4">0</subfield>
    <subfield code="7">0</subfield>
    <subfield code="a">ABJ</subfield>
    <subfield code="b">MAIN</subfield>
    <subfield code="d">2025-02-25</subfield>
    <subfield code="l">0</subfield>
    <subfield code="o">DT515.76.A235 A3</subfield>
    <subfield code="p">2025-452451</subfield>
    <subfield code="r">2025-02-25 10:48:37</subfield>
    <subfield code="t">1</subfield>
    <subfield code="w">2025-02-25</subfield>
    <subfield code="y">BK</subfield>
  </datafield>
</record>
